Concise Organic Pharmaceutical Chemistry (Record no. 6182)

MARC details
000 -LEADER
fixed length control field 00570nam a22002057a 4500
003 - CONTROL NUMBER IDENTIFIER
control field OSt
005 - DATE AND TIME OF LATEST TRANSACTION
control field 20181114181138.0
008 - FIXED-LENGTH DATA ELEMENTS--GENERAL INFORMATION
fixed length control field 181114b xxu||||| |||| 00| 0 eng d
020 ## - INTERNATIONAL STANDARD BOOK NUMBER
International Standard Book Number 8185790213
040 ## - CATALOGING SOURCE
Transcribing agency DNLM
082 ## - DEWEY DECIMAL CLASSIFICATION NUMBER
Classification number QV744 M11a 2004
100 ## - MAIN ENTRY--PERSONAL NAME
Personal name Mahadik, K. R. ; Kuchekar, B. S.; Deshmukh, K.R.
9 (RLIN) 12754
245 ## - TITLE STATEMENT
Title Concise Organic Pharmaceutical Chemistry
250 ## - EDITION STATEMENT
Edition statement 7th ed.
260 ## - PUBLICATION, DISTRIBUTION, ETC. (IMPRINT)
Place of publication, distribution, etc. Pune; Prakashan, 2004
300 ## - PHYSICAL DESCRIPTION
Extent 273p;ill: 23cm
504 ## - BIBLIOGRAPHY, ETC. NOTE
Bibliography, etc Glossary, & index included
650 ## - SUBJECT ADDED ENTRY--TOPICAL TERM
Topical term or geographic name as entry element Pharmaceutical chemistry
9 (RLIN) 283
942 ## - ADDED ENTRY ELEMENTS (KOHA)
Source of classification or shelving scheme Other/Generic Classification Scheme
Koha item type Short Loan
Holdings
Withdrawn status Lost status Source of classification or shelving scheme Damaged status Not for loan Home library Current library Date acquired Source of acquisition Inventory number Total Checkouts Full call number Barcode Date last seen Koha item type
    Other/Generic Classification Scheme     Pharmacy Department Library Pharmacy Department Library 14/11/2018   13/00509   QV744 M10c 2004 2018-0416 14/11/2018 Short Loan